000 00656cam a22002053a 4500
001 45268
003 PGUSA
005 20140828084033.0
008 140331s2014||||xxu|||||s|||||000 | eng d
040 _aPGUSA
_beng
042 _adc
100 1 _aBancroft, Hubert Howe,
_d1832-1918
245 1 4 _aThe Works of Hubert Howe Bancroft, Volume 5 :
_bThe Native Races, Volume 5, Primitive History
_h[electronic resource] /
_cHubert Howe Bancroft
260 _bProject Gutenberg,
_c2014
506 _aPublic domain in the USA.
516 _aElectronic text
830 0 _aProject Gutenberg
_v45268
856 4 0 _uhttp://www.gutenberg.org/ebooks/45268
942 _cEB
999 _c274519
_d274519